Statistics for Noah Kahan - Strawberry Wine Lyrics

Click here to take the quiz!

General Stats

  • This quiz has been taken 74 times
  • The average score is 176 of 210

Answer Stats

Answer% Correct
a
98%
Strawberry
98%
the
98%
wine
98%
all
95%
I
95%
to
95%
And
93%
and
93%
thing
93%
We
93%
we
93%
but
90%
But
90%
For
90%
for
90%
it
90%
love
90%
me
90%
that
90%
you
90%
your
90%
darling
88%
Darling
88%
don't
88%
If
88%
in
88%
say
88%
time
88%
as
85%
him
85%
I'm
85%
like
85%
man
85%
No
85%
soft
85%
speak
85%
with
85%
word
85%
ever
83%
have
83%
head
83%
makes
83%
Oh
83%
oh
83%
On
83%
on
83%
used
83%
was
83%
watch
83%
were
83%
you've
83%
bones
80%
burns
80%
cigarette
80%
cursed?
80%
every
80%
heard
80%
I'll
80%
is
80%
Light
80%
my
80%
shoulder
80%
buried
78%
could
78%
dirt
78%
empty
78%
fit
78%
formless
78%
lose
78%
never
78%
road
78%
run
78%
shape
78%
song
78%
space
78%
telling
78%
thought
78%
we'd
78%
little
76%
park
76%
runway
76%
see
76%
stranger
76%
asleep
73%
back
73%
few
73%
know
73%
moments
73%
over
73%
plywood
73%
Remember
73%
would
73%
miss
71%
straight
71%
things
71%
coming
68%
fast
68%
said
66%
Those
66%
are
63%
defines
63%
sentimental
61%
leaves
54%

Score Distribution

Percentile by Number Answered

Percent of People with Each Score

Your Score History

You have not taken this quiz